Multilinear algebra
Kaydedildi:
| Yazar: | |
|---|---|
| Materyal Türü: | Kitap |
| Dil: | İngilizce |
| Baskı/Yayın Bilgisi: |
Nueva York
Springer-Verlag
1978
|
| Edisyon: | 2a. ed |
| Seri Bilgileri: | Universitext
|
| Konular: | |
| Etiketler: |
Etiketle
Etiket eklenmemiş, İlk siz ekleyin!
|
MARC
| LEADER | 00000nam a2200000 a 4500 | ||
|---|---|---|---|
| 001 | UCW0832 | ||
| 003 | CL-VaPUC | ||
| 008 | 890920e19780000US |||||||||||||||||eng|d | ||
| 082 | 0 | 4 | |a 512.5 |b GRE |2 21 |
| 100 | |a Greub, Werner Hildbert |e author |9 564098 | ||
| 245 | 1 | 0 | |a Multilinear algebra |
| 250 | |a 2a. ed | ||
| 300 | |a 294 p | ||
| 942 | |c BK | ||
| 945 | |d 19890920 00:00:00 | ||
| 260 | |a Nueva York |b Springer-Verlag |c 1978 | ||
| 650 | 0 | |a Álgebra lineal |9 260445 | |
| 583 | |a last modification |c 19890920 00:00:00 |k Rodrigo Vera | ||
| 490 | 0 | |a Universitext | |
| 999 | |c 215875 |d 215873 | ||
| 952 | |0 0 |1 0 |4 0 |6 512_500000000000000_GRE_1978 |7 0 |8 A |9 201049 |a BIBMAT |b BIBMAT |d 2019-11-14 |i 1494821 |o 512.5 GRE 1978 |p 1494821 |r 2025-01-07 |w 2019-11-14 |y BK |k MAT | ||
| 952 | |0 0 |1 0 |4 0 |6 512_500000000000000_GRE_1978 |7 0 |8 A |9 201050 |a BIBMAT |b BIBMAT |d 2019-11-14 |i 1494872 |o 512.5 GRE 1978 |p 1494872 |r 2025-01-07 |w 2019-11-14 |y BK |k MAT | ||